000 00774cam a2200217 4500
001 ABS63518
008 000000n2001 000 0 eng u
035 _a(Sirsi) u111156
245 _aAuctions special report
260 _c2001
490 _aProperty Week
_v66(7) 16 February 2001, 48-60(5)
520 _aSpecial report on the auctions market. Covers how auctioneers deal with an increasingly competitive market; how sale methods are remaining traditional in the face of information technology and how ground rents continue to prove valuable at auction sales.
590 _aABS
650 _aAUCTIONEERS
650 _aAUCTION MARKET
650 _aGROUND RENTS
650 _aINTERNET AUCTIONS
650 _aFEES
690 _aAuctioneering
_96218
942 _n0
999 _c66221
_d66221